Tài liệu tham khảo học tập tin học lớp 11

Nội dung tài liệu bao gồm các khái niệm cơ bản về tin học, ccá bảng, biểu mẫu, báo cáo và các lệnh truy vấn trong lĩnh vực công nghệ thông tin

Enregistré dans:
Détails bibliographiques
Auteur principal: Huỳnh, Kim Sen
Format: Livre
Langue:Undetermined
Publié: Hà Nội Giáo dục 2008
Sujets:
Tags: Ajouter un tag
Pas de tags, Soyez le premier à ajouter un tag!
Thư viện lưu trữ: Trung tâm Học liệu Trường Đại học Cần Thơ
LEADER 00864nam a2200217Ia 4500
001 CTU_191308
008 210402s9999 xx 000 0 und d
020 |c 32500 
082 |a 005.0712 
082 |b S203/T.2 
100 |a Huỳnh, Kim Sen 
245 0 |a Tài liệu tham khảo học tập tin học lớp 11 
245 0 |c Huỳnh Kim Sen chủ biên 
260 |a Hà Nội 
260 |b Giáo dục 
260 |c 2008 
520 |a Nội dung tài liệu bao gồm các khái niệm cơ bản về tin học, ccá bảng, biểu mẫu, báo cáo và các lệnh truy vấn trong lĩnh vực công nghệ thông tin 
650 |a Computers,Tin học 
650 |x Study and teaching (Secondary),Dạy và học (trung học) 
904 |i Bằng 
980 |a Trung tâm Học liệu Trường Đại học Cần Thơ